[Event "Katowice POL-HUN 10th"]
[Site "Katowice"]
[Date "2023.09.10"]
[Round "9"]
[White "Klekowski, Maciej"]
[Black "Oglaza, Dawid"]
[Result "1-0"]
[WhiteElo "2477"]
[BlackElo "1800"]
[PlyCount "65"]
[EventDate "2023.09.09"]
[EventType "swiss (rapid)"]
[EventRounds "9"]
[EventCountry "POL"]
[SourceTitle "EXT 2024"]
[Source "ChessBase"]
[SourceDate "2023.10.10"]
[SourceVersion "1"]
[SourceVersionDate "2023.10.10"]
[SourceQuality "1"]

1. c4 e5 2. g3 Nf6 3. Bg2 d5 4. cxd5 Nxd5 5. Nc3 Nb6 6. e3 Nc6 7. Nge2 Be6 8. 0-0 Be7 9. f4 exf4 10. Nxf4 0-0 11. d4 Bc4 12. Rf2 Bb4 13. a3 Bxc3 14. bxc3 Na5 15. Rb1 c5 16. e4 Rc8 17. Qh5 Na4 18. Bd2 Nb3 19. Rxb3 Bxb3 20. d5 Nb6 21. Nh3 f6 22. Nf4 Qe7 23. Bh3 Qxe4 24. Be6+ Kh8 25. Bf5 g6 26. Nxg6+ Kg7 27. Qh6+ Kg8 28. Bxe4 Rf7 29. Ne5 fxe5 30. Rxf7 Kxf7 31. Qxh7+ Kf6 32. Bg5+ Kxg5 33. Qh4# 1-0

[Event "Lazy Baltic Pearl op-A 19th"]
[Site "Lazy"]
[Date "2023.06.26"]
[Round "1"]
[White "Oglaza, Dawid"]
[Black "Sniadecki, Oskar"]
[Result "0-1"]
[WhiteElo "1880"]
[BlackElo "1642"]
[PlyCount "161"]
[EventDate "2023.06.26"]
[EventType "swiss"]
[EventRounds "9"]
[EventCountry "POL"]
[SourceTitle "CBM 215 Extra"]
[Source "ChessBase"]
[SourceDate "2023.09.30"]
[SourceVersion "1"]
[SourceVersionDate "2023.09.30"]
[SourceQuality "1"]

1. e4 d5 2. exd5 Qxd5 3. Nc3 Qd6 4. d4 Nf6 5. Nf3 a6 6. Be2 Bg4 7. 0-0 Nc6 8. h3 Bh5 9. Na4 0-0-0 10. c3 Bxf3 11. Bxf3 e5 12. dxe5 Nxe5 13. Be3 Qxd1 14. Bxd1 Nc4 15. Bc5 Ne4 16. Bxf8 Rhxf8 17. Re1 Rfe8 18. Bg4+ Kb8 19. b3 Na3 20. Re2 b5 21. Rae1 bxa4 22. Rxe4 Rxe4 23. Rxe4 axb3 24. axb3 Nb5 25. Rb4 Ka7 26. Bf3 Rd3 27. Be2 Rxc3 28. Bxb5 axb5 29. Rxb5 c6 30. Rb4 c5 31. Rb5 Ka6 32. Rb8 Rc1+ 33. Kh2 Rb1 34. Rc8 Kb6 35. f3 Rb2 36. Kg3 h5 37. Rg8 h4+ 38. Kh2 g5 39. Rf8 Kc6 40. Rc8+ Kb6 41. Rf8 Kc6 42. Rc8+ Kb5 43. Rb8+ Ka5 44. Kg1 Ka6 45. Rc8 Kb6 46. Kh2 Kb5 47. Rb8+ Ka5 48. Kg1 Ka6 49. Rc8 Kb6 50. Rf8 Kb5 51. Rb8+ Kc6 52. Rc8+ Kd5 53. Rd8+ Ke5 54. Re8+ Kd4 55. Rd8+ Kc3 56. Rc8 Kb4 57. Rb8+ Ka3 58. Rb5 Rc2 59. Kf1 Kb2 60. Rb6 Kc3 61. Rb5 Kd3 62. Rb7 Rb2 63. Rd7+ Kc3 64. Rc7 Kd4 65. Rd7+ Ke5 66. Re7+ Kd6 67. Re3 Rc2 68. Rd3+ Ke5 69. Re3+ Kd4 70. Re8 f6 71. Rd8+ Ke3 72. Re8+ Kf4 73. Re4+ Kf5 74. Re8 Rc3 75. Rc8 Kf4 76. Rc7 Kg3 77. Rf7 Rc1+ 78. Ke2 Rc2+ 79. Ke3 Rxg2 80. Rxf6 Kxh3 81. Rf5 0-1

[Event "POL-ch U12"]
[Site "Uniejow"]
[Date "2021.07.20"]
[Round "2"]
[White "Andrzejewski, Jakub1111"]
[Black "Oglaza, Dawid"]
[Result "0-1"]
[WhiteElo "1447"]
[BlackElo "1396"]
[PlyCount "98"]
[EventDate "2021.07.18"]
[EventType "swiss"]
[EventRounds "9"]
[EventCountry "POL"]
[SourceTitle "EXT 2022"]
[Source "ChessBase"]
[SourceDate "2021.10.06"]
[SourceVersion "1"]
[SourceVersionDate "2021.10.06"]
[SourceQuality "1"]

1. e4 c5 2. Nc3 Nc6 3. f4 g6 4. Nf3 Bg7 5. g3 e6 6. d3 Nge7 7. Bg2 d5 8. 0-0 0-0 9. h3 Rb8 10. Qe1 b5 11. g4 f5 12. e5 d4 13. Ne2 Qb6 14. a3 Rd8 15. Qh4 a5 16. Qf2 b4 17. b3 bxa3 18. Bxa3 Nd5 19. Bc1 Ncb4 20. Ne1 Bb7 21. gxf5 exf5 22. Bd2 Re8 23. Kh1 Rbd8 24. Rg1 Re6 25. Qg3 Bh6 26. h4 Bg7 27. Kh2 Ra8 28. Bh3 Ne7 29. h5 Kh8 30. Qh4 Rf8 31. hxg6 Nxg6 32. Qg3 Bd5 33. Qg5 Bf6 34. Qh5 Bg7 35. Bxf5 Rxf5 36. Qxf5 Ne7 37. Qg5 Rh6+ 38. Kg3 Rg6 39. Kf2 Rxg5 40. Rxg5 h6 41. Rh5 Qg6 42. Ng3 Nec6 43. f5 Qg4 44. f6 Bf8 45. Rf5 Kh7 46. Rh5 Nxc2 47. Nxc2 Qf3+ 48. Ke1 Qxg3+ 49. Kd1 Qf3+ 0-1

[Event "Poronin Tatra Limba op-B"]
[Site "Poronin"]
[Date "2021.05.28"]
[Round "9.12"]
[White "Oglaza, Dawid"]
[Black "Pawlowski, Kamil"]
[Result "1/2-1/2"]
[WhiteElo "1315"]
[BlackElo "1168"]
[PlyCount "68"]
[EventDate "2021.05.22"]
[EventType "swiss"]
[EventRounds "9"]
[EventCountry "POL"]
[SourceTitle "EXT 2022"]
[Source "ChessBase"]
[SourceDate "2021.10.06"]
[SourceVersion "1"]
[SourceVersionDate "2021.10.06"]
[SourceQuality "1"]

1. e4 e5 2. Nf3 Nc6 3. Bc4 Bc5 4. c3 Nf6 5. d4 exd4 6. e5 d5 7. Bb5 Ne4 8. cxd4 Bb4+ 9. Bd2 Bxd2+ 10. Nbxd2 Nxd2 11. Qxd2 Bd7 12. Bd3 Qe7 13. 0-0 Bg4 14. Be2 Bxf3 15. Bxf3 Rd8 16. Rac1 Qh4 17. Rfd1 Rd7 18. g3 Qd8 19. Bg4 Re7 20. h4 h5 21. Bh3 Rh6 22. Bf5 Kf8 23. Rc3 f6 24. exf6 Rxf6 25. Bh3 Qe8 26. Re3 Rxe3 27. Qxe3 Qxe3 28. fxe3 Rf3 29. Rf1 Rxf1+ 30. Kxf1 Nb4 31. a3 Nd3 32. b3 Nc1 33. b4 Na2 34. Bf5 Nc3 1/2-1/2

[Event "EU-ch U10"]
[Site "Bratislava"]
[Date "2019.08.10"]
[Round "9"]
[White "Burkart, Lloyd Shang"]
[Black "Oglaza, Dawid"]
[Result "1/2-1/2"]
[WhiteElo "1522"]
[BlackElo "1345"]
[PlyCount "90"]
[EventDate "2019.08.02"]
[EventType "swiss"]
[EventRounds "9"]
[EventCountry "SVK"]
[SourceTitle "EXT 2020"]
[Source "ChessBase"]
[SourceDate "2019.10.17"]
[SourceVersion "1"]
[SourceVersionDate "2019.10.17"]
[SourceQuality "1"]

1. d4 Nf6 2. c4 e6 3. g3 Bb4+ 4. Bd2 Bxd2+ 5. Qxd2 0-0 6. Bg2 d6 7. Nf3 Nbd7 8. Nc3 Nb6 9. b3 d5 10. c5 Nbd7 11. 0-0 b6 12. b4 c6 13. Rfb1 Qc7 14. a3 e5 15. e3 e4 16. Ne1 Ne8 17. Rc1 Rb8 18. Rab1 b5 19. Nc2 f5 20. Ra1 g5 21. Ne2 Ndf6 22. a4 a6 23. axb5 axb5 24. Ra5 h5 25. Rca1 Bb7 26. Ra7 Qh7 27. h4 gxh4 28. gxh4 Qg7 29. R1a6 Nd7 30. Nf4 Nc7 31. Ra1 Qg4 32. Qd1 Nf6 33. Qxg4+ fxg4 34. Ng6 Rfe8 35. Ne5 Na6 36. Nxc6 Bxc6 37. R1xa6 Rec8 38. Re7 Ne8 39. Re6 Bd7 40. Re5 Nc7 41. Ra7 Be8 42. Rg5+ Kh8 43. Re5 Ra8 44. Rxa8 Rxa8 45. Re7 Rc8 1/2-1/2

[Event "EU-ch U10"]
[Site "Bratislava"]
[Date "2019.08.09"]
[Round "8"]
[White "Oglaza, Dawid"]
[Black "Sauer, Tim"]
[Result "0-1"]
[WhiteElo "1345"]
[BlackElo "1625"]
[PlyCount "120"]
[EventDate "2019.08.02"]
[EventType "swiss"]
[EventRounds "9"]
[EventCountry "SVK"]
[SourceTitle "EXT 2020"]
[Source "ChessBase"]
[SourceDate "2019.10.17"]
[SourceVersion "1"]
[SourceVersionDate "2019.10.17"]
[SourceQuality "1"]

1. e4 c6 2. d4 d5 3. Nc3 dxe4 4. Nxe4 Nf6 5. Nxf6+ exf6 6. Qe2+ Be7 7. Nf3 0-0 8. Be3 Be6 9. g3 Nd7 10. Bg2 Nb6 11. c3 Nc4 12. b3 Nxe3 13. fxe3 Qa5 14. Qc2 c5 15. 0-0 Rac8 16. c4 cxd4 17. exd4 Rfd8 18. Qe2 Bb4 19. d5 Bg4 20. Kh1 Re8 21. Qd3 Bh5 22. a3 Bg6 23. Qd1 Bc3 24. Ra2 Qc5 25. Qc1 Qe3 26. Qxe3 Rxe3 27. Nh4 b6 28. Nxg6 fxg6 29. Rd1 Rce8 30. Kg1 a5 31. d6 Re1+ 32. Rxe1 Rxe1+ 33. Kf2 Rd1 34. Bd5+ Kf8 35. Re2 Be5 36. d7 Ke7 37. Bc6 Kd8 38. Bb5 g5 39. Kg2 g4 40. b4 Kc7 41. Ba4 Rd3 42. bxa5 bxa5 43. Ra2 h5 44. c5 g5 45. c6 h4 46. gxh4 gxh4 47. Kg1 Rd4 48. Bb3 a4 49. Be6 Rd1+ 50. Kf2 Rh1 51. Rd2 Rxh2+ 52. Ke1 Rxd2 53. Kxd2 g3 54. Bh3 Bd6 55. Kc2 Bxa3 56. Bg2 Be7 57. Kd2 a3 58. Kc2 f5 59. Bd5 h3 60. Kd2 g2 0-1